| 000 | 00503nam a22001697a 4500 | ||
|---|---|---|---|
| 005 | 20260312113914.0 | ||
| 008 | 260309b |||||||| |||| 00| 0 eng d | ||
| 020 | _a978-93-87590-17-5 | ||
| 041 | _aeng | ||
| 082 | _a634 KAV-P | ||
| 100 |
_aKAVINO, M . JEGADEESWARI, V. AND VIJAYAKUMAR, R.M. & BALAKRISHNAN, S. _98888 |
||
| 245 | _aPRODUCTION TECHNOLOGY OF FRUIT AND PLANTATION CROPS | ||
| 260 |
_aNEW DELHI _bJAYA PUBLISHING HOUSE _c2019 |
||
| 300 | _a443;P | ||
| 650 | _aAGRICULTURE | ||
| 942 | _cBK | ||
| 999 |
_c9067 _d9065 |
||